000 01351nam a2200289 a 4500
001 0145
003 DO-SdBNP
005 20231128101638.0
007 0145
008 150120s1986 dr 000 spa d
020 _a9789945442557
040 _aBPMSU
_bspa
_cBPMSU
082 4 _aA863.08
_bC965e 986
_222
245 0 0 _aCuentos de enredos y travesuras. /
_ceditora Carmen Rivera Izcoa; ilustrasión Rosario Núñez de Patruco
_h
260 _aSanto Domingo:
_bEditora Corripio,
_c1986
300 _a103 p :
_bil. ;
_c24 cm.
490 0 _aCoedición Latinoamericana
505 _aVenezuela : Tía zorra y los peces -- Bolivia : ¡No se oye! -- Perú : El zorro y el Cuy -- México : Fanciquio -- Puerto Rico : Los siento pero no lo veo -- Chile : Antonio y el ladrón -- República Dominicana : El hombre que robó los chivos -- Brasil : La apuesta -- Nicaragua : La piedra de Cuapa -- Ecuador : El gigantón cabelludo : Colombia : Minisurumbullo y el dulce de Icaco -- Cuba : El león y el mosquito
590 _aInventariado, 2023/VM
650 4 _aCuentos Infantiles latinoamericanos
_vColecciones
700 1 _aRivera Izcoa, Carmen
_eed.
700 _aNúñez de Patruco, Rosario
_eils.
910 _aVMateo V. Control de calidad. BPMSU
942 _2ddc
_cBK
945 _aInventariado / 2017 VM
956 _aVMATEO
_b10
_c20150410
_lBPMSU
_h0069
999 _c7247
_d7247